Discurso ministra de agricultura Marigen Hornkohl V.: 170§ aniversario de la Sociedad Nacional de Agricultura

Uloženo v:
Podrobná bibliografie
Korporace: Gobierno de Chile (Autor), Ministerio de Agricultura (Autor)
Médium: Kniha
Jazyk:španělština
Vydáno: Santiago Ministerio de Agricultura 2008
Témata:
Tagy: Přidat tag
Žádné tagy, Buďte první, kdo vytvoří štítek k tomuto záznamu!

MARC

LEADER 00000nam a2200000 a 4500
001 UCI9687
003 CL-VaPUC
008 081128e20080000CL |||||||||||||||||spa|d
082 0 4 |a 630  |b GOB  |2 21 
110 2 |a Gobierno de Chile  |e author  |9 533564 
710 2 |a Ministerio de Agricultura  |e author  |9 533565 
245 1 0 |a Discurso ministra de agricultura Marigen Hornkohl V.: 170§ aniversario de la Sociedad Nacional de Agricultura 
300 |a 22 p 
942 |c BK 
945 |d 20081128 00:00:00  |a jtorresc 
260 |a Santiago  |b Ministerio de Agricultura  |c 2008 
600 0 7 |a SOCIEDAD NACIONAL DE AGRICULTURA  |2 CL-VaPUC  |9 365100 
650 0 |a Agricultura  |9 255598 
650 7 |a PRODUCCION AGFRICOLA  |2 CL-VaPUC  |9 533566 
650 7 |a SECTOR AGRICOLA  |2 CL-VaPUC  |9 357761 
651 7 |a CHILE  |2 CL-VaPUC  |9 533567 
583 |a last modification  |c 20081128 00:00:00  |k Rodrigo Vera 
999 |c 332170  |d 332168